|
|
แสดงรายละเอียดบรรณานุกรม |
|
|
Brief Record
: Get Marc (ISO 2709)
: E-mail record
: |
| LEADER 00000nama 2200000uu 4500 | |||
| 001 185071 | |||
| 003 ULIBM | |||
| 008 040531s1998 th m m a000 0 tha d | |||
| 020 0-8036-0244-8 | |||
| 041 eng | |||
| 050 WY16 T175e 1998 | |||
| 100 Tappen, Ruth M. Weis, Sally A.Whitehead, Diane K. | |||
| 245 Essentials of nursing leadership and management 001 | |||
| 246 Leadership Nursing | |||
| 260 Phildelphia F.A. Davis company 1998 | |||
| 300 256 p. | |||
| 650 Nursing services - administration | |||
| 998 2001-02-26 | |||
| คุณยังไม่ได้ล็อกอิน คุณสามารถมีกิจกรรมร่วมกับเว็บไซต์ได้ แต่ต้องล็อกอินก่อน :: |
|
| สถานะ | |||||||||
| 1. | หนังสือทั่วไป สถานะ=อยู่บนชั้นแสดงหนังสือ | WY16 T175e 1998 | On Shelf ขอยืม | ||||||
| [แสดง 1/1 รายการ] | |||||||||
BibComment |
| คอมเมนท์ทรัพยากรรายการนี้ |
|
|